000 00386nam a2200169Ia 4500
001 3859
003 IN-NITTTR
005 20251114232952.0
008 251113s9999||||xx |||||||||||||| ||eng||
040 _beng
040 _cIN-NITTTR
041 _aeng
082 _a669.82 G381F
100 _aGilchrist, J. D.
245 0 _aFules and refractories /
_cGilchrist, J. D.
942 _2ddc
_cBK
999 _c6192
_d6192